[Event "Reykjavik op"]
[Site "Reykjavik"]
[Date "2024.03.21"]
[Round "9"]
[White "Pozimski, Szymon"]
[Black "Helgadottir, Idunn"]
[Result "1-0"]
[WhiteElo "1999"]
[BlackElo "1849"]
[PlyCount "49"]
[EventDate "2024.03.15"]
[EventType "swiss"]
[EventRounds "9"]
[EventCountry "ISL"]
[SourceTitle "CB13_2024"]
[SourceDate "2024.03.27"]
[SourceVersion "1"]
[SourceVersionDate "2024.03.27"]
[SourceQuality "1"]

1. Nf3 c5 2. c4 g6 3. d4 Bg7 4. dxc5 Qa5+ 5. Qd2 Qxc5 6. e3 Nc6 7. Nc3 Nf6 8. Rb1 a5 9. b3 0-0 10. Bb2 d6 11. Be2 Bf5 12. Rc1 Rac8 13. 0-0 Rfd8 14. Rfd1 Nb4 15. Nd4 Bg4 16. Bxg4 Nxg4 17. a3 Na6 18. Nd5 Kf8 19. b4 Qa7 20. Nb5 Qb8 21. Bxg7+ Kxg7 22. Qd4+ Nf6 23. Nxe7 Rc7 24. Nxc7 Qxc7 25. Nd5 1-0

[Event "Wch U16 Girls"]
[Site "Montesilvano"]
[Date "2023.11.13"]
[Round "1"]
[White "Helgadottir, Idunn"]
[Black "Zelbova, Lada"]
[Result "0-1"]
[WhiteElo "1678"]
[BlackElo "2057"]
[PlyCount "88"]
[EventDate "2023.11.13"]
[EventType "swiss"]
[EventRounds "11"]
[EventCountry "ITA"]
[SourceTitle "CB48_2023"]
[SourceDate "2023.11.29"]
[SourceVersion "1"]
[SourceVersionDate "2023.11.29"]
[SourceQuality "1"]

1. d4 d5 2. Nf3 Nf6 3. e3 Bf5 4. c4 e6 5. Nc3 c6 6. Be2 Ne4 7. 0-0 Nd7 8. Nxe4 dxe4 9. Nd2 Bd6 10. c5 Bc7 11. h3 h5 12. f3 Nf6 13. fxe4 Nxe4 14. Nxe4 Bxe4 15. Bf3 Qd5 16. b4 Bxf3 17. Qxf3 Qxf3 18. gxf3 0-0-0 19. Bb2 Rh6 20. Kf2 g5 21. Rg1 Rg8 22. a4 Rhg6 23. b5 f5 24. Rad1 g4 25. fxg4 fxg4 26. hxg4 h4 27. Bc3 h3 28. g5 Rf8+ 29. Ke2 h2 30. Rg2 Rf5 31. Rh1 Rfxg5 32. Rxg5 Rxg5 33. Kf2 cxb5 34. axb5 b6 35. Bb4 Kb7 36. Ba3 Kc8 37. Bb4 Kb8 38. Ba3 Kc8 39. Bb4 Bb8 40. Ba3 Kd7 41. Bb4 Ke8 42. Ba3 Kf7 43. e4 Bf4 44. Rf1 Rg1 0-1

[Event "Reykjavik op"]
[Site "Reykjavik"]
[Date "2023.04.03"]
[Round "8"]
[White "Helgadottir, Idunn"]
[Black "Fuchs, Elmar"]
[Result "0-1"]
[WhiteElo "1636"]
[BlackElo "1973"]
[PlyCount "102"]
[EventDate "2023.03.29"]
[EventType "swiss"]
[EventRounds "9"]
[EventCountry "ISL"]
[SourceTitle "EXT 2024"]
[Source "ChessBase"]
[SourceDate "2023.10.10"]
[SourceVersion "1"]
[SourceVersionDate "2023.10.10"]
[SourceQuality "1"]

1. d4 Nf6 2. Nf3 d6 3. c4 Nbd7 4. Nc3 c6 5. e4 e5 6. Be2 Qc7 7. 0-0 Be7 8. d5 0-0 9. h3 a6 10. Be3 c5 11. a3 Ne8 12. b4 b6 13. Qd2 g6 14. Bh6 Ng7 15. Ng5 Bxg5 16. Qxg5 Qd8 17. Qxd8 Rxd8 18. f4 Re8 19. Rf2 exf4 20. Rxf4 Ra7 21. b5 Ne5 22. Raf1 f5 23. a4 a5 24. Kh2 Nf7 25. Bxg7 Kxg7 26. Bd3 g5 27. R4f2 f4 28. Re1 Ne5 29. Bf1 Rf7 30. Kh1 Ref8 31. Nb1 h5 32. Be2 g4 33. Nd2 Kg6 34. h4 Rf6 35. g3 fxg3 36. Rxf6+ Rxf6 37. Kg2 Kf7 38. Rf1 Rxf1 39. Nxf1 Ng6 40. Kxg3 Kf6 41. Ne3 Ke5 42. Nxg4+ Bxg4 43. Bxg4 hxg4 44. h5 Nh8 45. Kxg4 Kxe4 46. Kg5 Ke5 47. Kh6 Kf6 48. Kh7 Nf7 49. h6 Ke5 50. Kg7 Nxh6 51. Kf8 Nf5 0-1

[Event "Icelandic (Women) op"]
[Site "Reykjavik"]
[Date "2022.10.25"]
[Round "2"]
[White "Helgadottir, Idunn"]
[Black "Lehtinen, Helja"]
[Result "1-0"]
[WhiteElo "1538"]
[BlackElo "1888"]
[PlyCount "81"]
[EventDate "2022.10.24"]
[EventType "swiss"]
[EventRounds "7"]
[EventCountry "ISL"]
[SourceTitle "EXT 2024"]
[Source "ChessBase"]
[SourceDate "2023.10.10"]
[SourceVersion "1"]
[SourceVersionDate "2023.10.10"]
[SourceQuality "1"]

1. d4 Nf6 2. c4 e6 3. Nf3 Bb4+ 4. Nc3 d6 5. Bg5 Nbd7 6. Qc2 h6 7. Bh4 b6 8. e4 Bxc3+ 9. bxc3 e5 10. Be2 0-0 11. 0-0 Re8 12. Nd2 Nf8 13. f3 Ng6 14. Bf2 Nf4 15. Nb3 Ba6 16. Rfd1 Nxe2+ 17. Qxe2 Qe7 18. a4 d5 19. Nd2 c5 20. dxc5 bxc5 21. exd5 Nxd5 22. Ne4 Nf4 23. Qa2 Qe6 24. Nd6 Red8 25. Bxc5 Rd7 26. Nb5 Bxb5 27. axb5 a6 28. Be3 Rc7 29. c5 Rb8 30. b6 Qxa2 31. Rxa2 Rc6 32. Rxa6 Ne2+ 33. Kf2 Nxc3 34. Rd7 Nb5 35. Ra5 Nd4 36. Bxd4 exd4 37. Rxd4 Kf8 38. Rd7 Ke8 39. Rda7 Rcc8 40. b7 Rc7 41. c6 1-0

[Event "Reykjavik Blitz op"]
[Site "Reykjavik"]
[Date "2022.01.29"]
[Round "11"]
[White "Helgadottir, Idunn"]
[Black "Thorsteinsdottir, Gudlaug"]
[Result "0-1"]
[WhiteElo "1444"]
[BlackElo "2009"]
[PlyCount "46"]
[EventDate "2022.01.29"]
[EventType "swiss (blitz)"]
[EventRounds "11"]
[EventCountry "ISL"]
[SourceTitle "CBM 206 Extra"]
[Source "ChessBase"]
[SourceDate "2022.03.31"]
[SourceVersion "1"]
[SourceVersionDate "2022.03.31"]
[SourceQuality "1"]

1. d4 d5 2. c4 c6 3. Nf3 e6 4. Nc3 Nf6 5. Bg5 Nbd7 6. e3 Bb4 7. Qc2 Qa5 8. Be2 Ne4 9. Rc1 Nxg5 10. Nxg5 dxc4 11. Bxc4 Qxg5 12. 0-0 Bxc3 13. Qxc3 0-0 14. e4 e5 15. d5 Nf6 16. Qf3 cxd5 17. exd5 e4 18. Qc3 Nxd5 19. Qd4 Nf4 20. Qxe4 Bh3 21. g3 Bxf1 22. Bxf1 Ne6 23. Qxb7 Qxc1 0-1

[Event "Reykjavik Blitz op"]
[Site "Reykjavik"]
[Date "2022.01.29"]
[Round "3"]
[White "Thrainsson, Birgir Rafn"]
[Black "Helgadottir, Idunn"]
[Result "1-0"]
[WhiteElo "1715"]
[BlackElo "1444"]
[PlyCount "94"]
[EventDate "2022.01.29"]
[EventType "swiss (blitz)"]
[EventRounds "11"]
[EventCountry "ISL"]
[SourceTitle "CBM 206 Extra"]
[Source "ChessBase"]
[SourceDate "2022.03.31"]
[SourceVersion "1"]
[SourceVersionDate "2022.03.31"]
[SourceQuality "1"]

1. e4 c5 2. f4 e6 3. Nf3 Nc6 4. Nc3 Nf6 5. d3 a6 6. a4 d5 7. e5 Nd7 8. Be2 Be7 9. 0-0 0-0 10. Qe1 b6 11. h3 Bb7 12. g4 d4 13. Ne4 f5 14. exf6 Nxf6 15. Qg3 Nxe4 16. dxe4 Nb4 17. Bd3 Bd6 18. e5 Be7 19. Nd2 Bh4 20. Qh2 Nxd3 21. cxd3 Qd5 22. Ne4 Qb3 23. Qe2 c4 24. Ra3 cxd3 25. Qf3 Qb4 26. Qxd3 Rac8 27. Rb3 Qxa4 28. Rxb6 Rc7 29. Rxe6 Rc2 30. b3 Qa2 31. Nd2 Rfc8 32. Rb6 Rxc1 33. Rxb7 Rxf1+ 34. Kxf1 Rc1+ 35. Kg2 Qa1 36. Qc4+ Rxc4 37. Nxc4 Qa2+ 38. Kf3 Qf2+ 39. Ke4 Qc2+ 40. Kxd4 Bf2+ 41. Kd5 Qd3+ 42. Ke6 Qg6+ 43. Kd5 Qd3+ 44. Ke6 h6 45. f5 Bd4 46. Rb8+ Kh7 47. Nd6 Qc3 1-0

[Event "EU-ch Hybrid U14 Girls"]
[Site "Tornelo INT"]
[Date "2021.10.15"]
[Round "5"]
[White "Christodoulou, Georgia"]
[Black "Helgadottir, Idunn"]
[Result "1-0"]
[WhiteElo "1416"]
[BlackElo "1226"]
[PlyCount "77"]
[EventDate "2021.10.15"]
[EventType "swiss"]
[EventRounds "9"]
[EventCountry "NET"]
[SourceTitle "EXT 2023"]
[Source "ChessBase"]
[SourceDate "2022.10.05"]
[SourceVersion "1"]
[SourceVersionDate "2022.10.05"]
[SourceQuality "1"]
[WhiteTeam "Greece"]
[BlackTeam "Island"]
[WhiteTeamCountry "GRE"]
[BlackTeamCountry "ISL"]

1. e4 c5 2. c3 d5 3. exd5 Qxd5 4. d4 Nc6 5. Nf3 Nf6 6. dxc5 Qxd1+ 7. Kxd1 Bg4 8. Be2 e6 9. Be3 0-0-0+ 10. Kc1 Nd5 11. b4 Nxe3 12. fxe3 g6 13. h3 Bf5 14. g4 Be4 15. Nbd2 Bxf3 16. Nxf3 f6 17. Nd4 Bh6 18. Nc2 f5 19. Rd1 Ne5 20. Kb2 fxg4 21. Bxg4 Nxg4 22. hxg4 Rdf8 23. Rf1 Kd7 24. Rad1+ Ke7 25. Rxf8 Rxf8 26. Rh1 Bg7 27. Rxh7 Rf7 28. Kb3 Kf8 29. Nd4 Re7 30. Rh3 e5 31. Rf3+ Kg8 32. Nb5 a6 33. Nd6 e4 34. Rf4 Be5 35. Rxe4 Bxd6 36. cxd6 Rd7 37. Rd4 Kf7 38. c4 b6 39. c5 1-0

[Event "EU-ch Hybrid U14 Girls"]
[Site "Tornelo INT"]
[Date "2021.10.15"]
[Round "3"]
[White "Helgadottir, Idunn"]
[Black "Nordquelle, Amelia"]
[Result "0-1"]
[WhiteElo "1226"]
[BlackElo "1749"]
[PlyCount "84"]
[EventDate "2021.10.15"]
[EventType "swiss"]
[EventRounds "9"]
[EventCountry "NET"]
[SourceTitle "EXT 2023"]
[Source "ChessBase"]
[SourceDate "2022.10.05"]
[SourceVersion "1"]
[SourceVersionDate "2022.10.05"]
[SourceQuality "1"]
[WhiteTeam "Island"]
[BlackTeam "Norway"]
[WhiteTeamCountry "ISL"]
[BlackTeamCountry "NOR"]

1. d4 d5 2. c4 c6 3. Nf3 Nf6 4. Nc3 e6 5. Bg5 Nbd7 6. e3 Bb4 7. a3 Bxc3+ 8. bxc3 Qa5 9. Qb3 0-0 10. Qb4 Qc7 11. Bf4 Qd8 12. Bd6 Re8 13. Bd3 a5 14. Qb1 dxc4 15. Bxc4 Nb6 16. Bd3 Nbd5 17. Be5 Nxc3 18. Qc2 Nb5 19. Ng5 h6 20. Bh7+ Kf8 21. a4 hxg5 22. axb5 Nxh7 23. Qxh7 f6 24. Bg3 cxb5 25. h4 gxh4 26. Rxh4 Kf7 27. Qh5+ Ke7 28. Qg6 Rg8 29. Rc1 Bd7 30. Rh7 Qf8 31. Rc7 a4 32. Rxb7 a3 33. Qb1 a2 34. Qa1 Rh8 35. Rxh8 Qxh8 36. Ke2 Qh5+ 37. Kd2 Qd5 38. Rc7 Qb3 39. Rc1 Rc8 40. Rxc8 Bxc8 41. Kc1 b4 42. f3 Qc3+ 0-1

[Event "EU-ch 21st"]
[Site "Reykjavik"]
[Date "2021.08.26"]
[Round "1"]
[White "Kacharava, Nikoloz"]
[Black "Helgadottir, Idunn"]
[Result "1-0"]
[WhiteElo "2453"]
[BlackElo "1243"]
[PlyCount "75"]
[EventDate "2021.08.26"]
[EventType "swiss"]
[EventRounds "11"]
[EventCountry "ISL"]
[SourceTitle "CBM 204"]
[Source "ChessBase"]
[SourceDate "2021.10.31"]
[SourceVersion "1"]
[SourceVersionDate "2021.10.31"]
[SourceQuality "1"]

1. e4 c5 2. Nf3 e6 3. d4 cxd4 4. Nxd4 Nc6 5. Nc3 a6 6. Nxc6 bxc6 7. Bd3 Bc5 8. 0-0 d5 9. Qg4 Bd4 10. exd5 c5 11. dxe6 Bxe6 12. Qf3 Ne7 13. Ne2 0-0 14. Nxd4 Qxd4 15. Be3 Qxb2 16. Bxc5 Bd5 17. Bxh7+ Kxh7 18. Qh5+ Kg8 19. Bxe7 Rfe8 20. Qxd5 Rac8 21. Bh4 Rxc2 22. Qb3 Ree2 23. Qxb2 Rxb2 24. a3 f6 25. h3 g5 26. Bg3 f5 27. Rfe1 f4 28. Rxe2 Rxe2 29. Bh2 Kf7 30. h4 Kg6 31. hxg5 Kxg5 32. Kf1 Re6 33. Rc1 Rf6 34. Rc5+ Kg4 35. f3+ Kh4 36. Bg1 Kg3 37. Bf2+ Kh2 38. Rh5# 1-0

[Event "EU-ch Online U14 Girls"]
[Site "Tornelo INT"]
[Date "2020.09.18"]
[Round "1"]
[White "Sereda, Yaroslava"]
[Black "Helgadottir, Idunn"]
[Result "1-0"]
[WhiteElo "1579"]
[BlackElo "1270"]
[PlyCount "97"]
[EventDate "2020.09.18"]
[EventType "swiss (rapid)"]
[EventRounds "9"]
[EventCountry "NET"]
[SourceTitle "EXT 2023"]
[Source "ChessBase"]
[SourceDate "2022.10.05"]
[SourceVersion "1"]
[SourceVersionDate "2022.10.05"]
[SourceQuality "1"]
[WhiteTeam "Germany"]
[BlackTeam "Island"]
[WhiteTeamCountry "GER"]
[BlackTeamCountry "ISL"]

1. e4 d5 2. exd5 Nf6 3. d4 Nxd5 4. c4 Nb6 5. Nc3 g6 6. Be3 Bg7 7. h3 Nc6 8. Nf3 0-0 9. Be2 Re8 10. 0-0 e6 11. Rc1 Bd7 12. Ne4 Qe7 13. Nc5 Bc8 14. Qd2 Nd7 15. b4 b6 16. Nxd7 Qxd7 17. a4 Bb7 18. Rfd1 Ne7 19. Qa2 Nf5 20. Ne5 Qd6 21. Qb2 Nxe3 22. fxe3 Bh6 23. Qc3 f6 24. Ng4 Qg3 25. Nxh6+ Kg7 26. Bf1 Kxh6 27. Rd3 Be4 28. Rd2 Rad8 29. Bd3 Bf3 30. Rf2 Bb7 31. Qd2 Rf8 32. e4+ Kg7 33. Rf3 Qh4 34. Qe3 f5 35. Rcf1 fxe4 36. Rf4 Rxf4 37. Rxf4 Qg5 38. Bxe4 Bxe4 39. Qxe4 Re8 40. Kh2 e5 41. dxe5 Rxe5 42. Qd4 Kh6 43. Rh4+ Kg7 44. Re4 Kf6 45. Qd8+ Kg7 46. Qd7+ Kh6 47. Rg4 Qd2 48. Qxd2+ Kg7 49. Qd4 1-0

[Event "Reykjavik ISL-ch op"]
[Site "Reykjavik"]
[Date "2020.08.29"]
[Round "8"]
[White "Helgadottir, Idunn"]
[Black "Hreinsson, Johann Helgi"]
[Result "1-0"]
[WhiteElo "1364"]
[BlackElo "1295"]
[PlyCount "95"]
[EventDate "2020.08.22"]
[EventType "swiss"]
[EventRounds "9"]
[EventCountry "ISL"]
[SourceTitle "CBM 198 Extra"]
[Source "ChessBase"]
[SourceDate "2020.11.30"]
[SourceVersion "1"]
[SourceVersionDate "2020.11.30"]
[SourceQuality "1"]

1. d4 Nf6 2. Bf4 e6 3. Nf3 b6 4. e3 Bb7 5. Nbd2 Be7 6. Nc4 d6 7. h3 Nbd7 8. Be2 0-0 9. 0-0 c5 10. Bxd6 Bxd6 11. Nxd6 Qc7 12. dxc5 Nxc5 13. Nxb7 Qxb7 14. Ne5 Qc7 15. Nc4 Rfd8 16. Qe1 Rd7 17. Qc3 Rad8 18. Bf3 Nce4 19. Qb4 Nd2 20. Nxd2 Rxd2 21. c3 Rc2 22. Rfd1 h6 23. Qb5 Rdd2 24. Rxd2 Rxd2 25. a4 Qc5 26. Qxc5 bxc5 27. Rb1 Rc2 28. Bd1 Rd2 29. b4 cxb4 30. cxb4 Ne4 31. Rc1 Nxf2 32. Rc8+ Kh7 33. Bc2+ g6 34. Rc7 Kg7 35. Bb3 Nd3 36. Bxe6 Kf6 37. Bxf7 Nxb4 38. Rxa7 Rd6 39. Bc4 Kg5 40. a5 Rd2 41. a6 Kh4 42. Kh2 Nc2 43. Re7 Ne1 44. Re4+ Kg5 45. Rg4+ Kf5 46. a7 Rd8 47. Bd5 Rxd5 48. e4+ 1-0

[Event "Reykjavik ISL-ch op"]
[Site "Reykjavik"]
[Date "2020.08.27"]
[Round "6"]
[White "Helgadottir, Idunn"]
[Black "Omarsson, Josef"]
[Result "0-1"]
[WhiteElo "1364"]
[BlackElo "1171"]
[PlyCount "82"]
[EventDate "2020.08.22"]
[EventType "swiss"]
[EventRounds "9"]
[EventCountry "ISL"]
[SourceTitle "CBM 198 Extra"]
[Source "ChessBase"]
[SourceDate "2020.11.30"]
[SourceVersion "1"]
[SourceVersionDate "2020.11.30"]
[SourceQuality "1"]

1. d4 d6 2. Bf4 Nf6 3. e3 g6 4. c4 Bg7 5. Nc3 a6 6. Bd3 Nbd7 7. Nf3 b6 8. 0-0 0-0 9. h3 Bb7 10. Re1 Re8 11. d5 c6 12. e4 cxd5 13. exd5 Nc5 14. Bc2 a5 15. Qd2 Ba6 16. b3 Rb8 17. Re2 b5 18. Bd3 b4 19. Rae1 bxc3 20. Qxc3 Nxd5 21. Qc2 Nxd3 22. Qxd3 Nxf4 23. Qe4 Nxe2+ 24. Rxe2 Bb7 25. Qf4 Bxf3 26. Qxf3 e5 27. Qd5 Bh6 28. Rc2 Bf4 29. Rc3 a4 30. Rf3 axb3 31. axb3 Ra8 32. g3 Ra1+ 33. Kg2 Qg5 34. Rxf4 Re6 35. h4 Qh5 36. Rf3 Qg4 37. Qb7 Ra2 38. Qb8+ Kg7 39. Rc3 Ra1 40. Qb6 Qe4+ 41. Kh2 Qh1# 0-1

[Event "GER-ch U18 sf Berlin Online"]
[Site "Playchess.com INT"]
[Date "2020.05.01"]
[Round "4"]
[White "Stein, Daniel3333"]
[Black "Helgadottir, Idunn"]
[Result "0-1"]
[WhiteElo "1194"]
[BlackElo "1620"]
[PlyCount "52"]
[EventDate "2020.05.01"]
[EventType "swiss (blitz)"]
[EventRounds "13"]
[EventCountry "GER"]
[SourceTitle "CBM 195 Extra"]
[Source "ChessBase"]
[SourceDate "2020.05.31"]
[SourceVersion "1"]
[SourceVersionDate "2020.05.31"]
[SourceQuality "1"]

1. e4 d5 2. exd5 Nf6 3. Nc3 Nxd5 4. Bc4 Nxc3 5. bxc3 g6 6. Nf3 Bg7 7. d4 0-0 8. 0-0 Bf5 9. Re1 Re8 10. Bg5 Qd7 11. Ne5 Bxe5 12. dxe5 Qa4 13. Bh6 Qxc4 14. Rb1 b6 15. e6 Bxe6 16. Qd2 Nc6 17. Qg5 Qxc3 18. Rec1 Bxa2 19. Rb5 Qf6 20. Qg3 Nd4 21. Qxc7 Nxb5 22. Qg3 Nd4 23. Qe3 Bc4 24. Re1 Nxc2 25. Qe4 Nxe1 26. Qxc4 Nd3 0-1

[Event "GER-ch U18 sf Berlin Online"]
[Site "Playchess.com INT"]
[Date "2020.05.01"]
[Round "2"]
[White "Zhou, Lepu Coco"]
[Black "Helgadottir, Idunn"]
[Result "1-0"]
[WhiteElo "1679"]
[BlackElo "1620"]
[PlyCount "65"]
[EventDate "2020.05.01"]
[EventType "swiss (blitz)"]
[EventRounds "13"]
[EventCountry "GER"]
[SourceTitle "CBM 195 Extra"]
[Source "ChessBase"]
[SourceDate "2020.05.31"]
[SourceVersion "1"]
[SourceVersionDate "2020.05.31"]
[SourceQuality "1"]

1. e4 d5 2. exd5 Nf6 3. d4 Nxd5 4. c4 Nb6 5. c5 Nd5 6. Bc4 g6 7. Nc3 Nxc3 8. bxc3 Bg7 9. Nf3 Nc6 10. 0-0 0-0 11. Re1 Re8 12. Bg5 Bf5 13. Rc1 Qd7 14. Qe2 Rad8 15. Rcd1 h6 16. Bh4 a6 17. h3 b5 18. cxb6 cxb6 19. Bxa6 Ra8 20. Bb5 Qd6 21. Bg3 Qd5 22. c4 Qd8 23. Bxc6 Ra7 24. Bxe8 Qxe8 25. Ne5 e6 26. Ng4 Qa8 27. Rd2 Kh7 28. Be5 Bf8 29. Nf6+ Kh8 30. Qe3 Bg7 31. Ng4 Bxg4 32. Qxh6+ Kg8 33. Qxg7# 1-0